| 000 | 01184nam a2200325 i 4500 | ||
|---|---|---|---|
| 005 | 20220317001753.0 | ||
| 007 | ta | ||
| 008 | 170328s2014 sp a gr 000 j spa d | ||
| 020 | _a9788426139764 | ||
| 040 |
_aCO-BoRNBP _bspa _erda _cCO-BoRNBP |
||
| 041 | 1 |
_aspa _heng |
|
| 082 | _222 | ||
| 084 | _aC FLE4 | ||
| 100 | 1 |
_aFleischman, Paul _d1952- _eautor |
|
| 245 | 1 | 3 |
_aEl diario de las cajas de fósforos _cPaul Fleischman ; ilustrado por Bagram Ibatoulline ; traducción de Susana Tornero |
| 250 | _aPrimera edición, Segunda edición | ||
| 264 | 1 |
_aBarcelona _bEditorial Juventud _c2013 _c2014 |
|
| 300 |
_a[38] páginas _bilustraciones _c28 cm |
||
| 336 |
_atexto _btxt _2rdacontent |
||
| 337 |
_asin mediación _bn _2rdamedia |
||
| 338 |
_avolumen _bnc _2rdacarrier |
||
| 521 | _aRecomendado para un público infantil mayor de 9 años | ||
| 534 | _tThe matchbox diary | ||
| 650 | 1 | 7 |
_aCuentos infantiles estadounidenses _ySiglo XX _2ARMARC |
| 650 | 1 | 7 |
_aLiteratura infantil estadounidense _ySiglo XX _2ARMARC |
| 650 | 1 | 7 |
_aInfancia _vCuentos _2ARMARC |
| 700 | 1 |
_aIbatoulline, Bagram _eilustrador _9178197 |
|
| 700 | 1 |
_aTornero, Susana _etraductora _9178198 |
|
| 942 |
_2loc _cBKLIT |
||
| 999 |
_c8034 _d8034 |
||